000 00555nam a22001697a 4500
008 160707b xxu||||| |||| 00| 0 eng d
020 _a1-4018-7201-8
082 _aDC 005.1 K86c 2006
100 _910940
_aKrawitz, Ron.
245 _aAn introduction to programming using the tool:
_bvisual basic 2005/
_cRon Krawitz.
260 _aAustralia:
_bThomson,
_cc2006.
300 _axvi, 601 pages;
_c26 cm.
500 _aIncludes index.
650 0 _910942
_aVisual programming
_xComputer languages.
650 0 _910943
_aProgramming languages.
942 _2ddc
_cDC
999 _c3280
_d3280